Etymologický a historický původ subsidiarity a její cesta do Evropské unie

Etymologický pôvod slova subsidiarita a jeho stručná charakteristika. Historický vývoj subsidiarity pred začiatkom integračného procesu v Európe. Tradícia starovekého Grécka a Ríma. Vývoj v rámci cirkevného práva. Filozofovia spoločnosti. Chápanie federalizmu. Subsidiarita v rámci integračného proce...

Ausführliche Beschreibung

Gespeichert in:
Bibliographische Detailangaben
1. Verfasser: Druláková, Radka
Format: Buchkapitel
Sprache:Tschechisch
Schlagworte:
Tags: Tag hinzufügen
Keine Tags, Fügen Sie das erste Tag hinzu!

MARC

LEADER 00000naa a2200000 4500
001 r040805
005 20231003114752.0
041 0 |a cze 
044 |a CZ 
245 1 0 |a Etymologický a historický původ subsidiarity a její cesta do Evropské unie  |c Radka Druláková 
520 |a Etymologický pôvod slova subsidiarita a jeho stručná charakteristika. Historický vývoj subsidiarity pred začiatkom integračného procesu v Európe. Tradícia starovekého Grécka a Ríma. Vývoj v rámci cirkevného práva. Filozofovia spoločnosti. Chápanie federalizmu. Subsidiarita v rámci integračného procesu až po prijatie Maastrichtskej zmluvy. Zmluva o vytvorení Európskej únie. Jednotný európsky akt. 
610 2 0 |a politika hospodárska medzinárodná 
610 2 0 |a subsidiarita 
610 2 0 |a politika zahraničná 
610 2 0 |a Európa 
610 2 0 |a Európska únia 
610 2 0 |a história 
610 2 0 |a cirkev 
610 2 0 |a filozofia 
610 2 0 |a reformizmus 
610 2 0 |a feudalizmus 
610 2 0 |a integrácia 
100 1 |a Druláková, Radka